[Event "CHN-ch U20 Girls"]
[Site "Shanghai"]
[Date "2024.02.18"]
[Round "5"]
[White "Ding, Shirui"]
[Black "Ha, Yihan"]
[Result "0-1"]
[WhiteElo "1491"]
[BlackElo "1696"]
[PlyCount "114"]
[EventDate "2024.02.16"]
[EventType "swiss"]
[EventRounds "11"]
[EventCountry "CHN"]
[SourceTitle "CB09_2024"]
[SourceDate "2024.02.28"]
[SourceVersion "1"]
[SourceVersionDate "2024.02.28"]
[SourceQuality "1"]

1. d4 Nf6 2. c4 e6 3. Nf3 d5 4. Nc3 Be7 5. Bf4 0-0 6. e3 Nbd7 7. c5 Nh5 8. Bd3 Nxf4 9. exf4 b6 10. b4 a5 11. a3 c6 12. 0-0 Ba6 13. Bxa6 Rxa6 14. Qe2 Ra8 15. g3 Bf6 16. Ne5 Bxe5 17. fxe5 f6 18. f4 Qe7 19. Kg2 Ra7 20. Ra2 axb4 21. axb4 Rxa2 22. Qxa2 bxc5 23. bxc5 fxe5 24. fxe5 Qg5 25. Rxf8+ Nxf8 26. Qf2 Ng6 27. Na2 Qg4 28. h3 Nh4+ 29. Kh2 Qxd4 30. Qxd4 Nf3+ 31. Kg2 Nxd4 32. Nb4 Kf7 33. Kf2 Nb3 34. Nxc6 Nxc5 35. Ke3 Ne4 36. Kf3 Ke8 37. Kf4 Kd7 38. Nb4 Kc7 39. g4 Kb6 40. Ke3 g5 41. Nc2 Kc7 42. Nd4 Kd7 43. Nf3 h6 44. Nd4 Ke7 45. Nc6+ Ke8 46. Nd4 Nc5 47. Nb5 Nd7 48. Kd4 Nf8 49. Nd6+ Ke7 50. Nc8+ Kf7 51. Nd6+ Kg8 52. Ne8 Ng6 53. Nf6+ Kf7 54. Nd7 Nf4 55. h4 gxh4 56. Ke3 Ng6 57. Kf3 Ke7 0-1

[Event "CHN-ch U20 Girls"]
[Site "Shanghai"]
[Date "2024.02.17"]
[Round "4"]
[White "Ha, Yihan"]
[Black "Wang, Shunshun"]
[Result "1-0"]
[WhiteElo "1696"]
[BlackElo "1514"]
[PlyCount "81"]
[EventDate "2024.02.16"]
[EventType "swiss"]
[EventRounds "11"]
[EventCountry "CHN"]
[SourceTitle "CB09_2024"]
[SourceDate "2024.02.28"]
[SourceVersion "1"]
[SourceVersionDate "2024.02.28"]
[SourceQuality "1"]

1. d4 d5 2. c4 c6 3. Nf3 Nf6 4. Nc3 dxc4 5. a4 Bf5 6. Ne5 Nbd7 7. Nxc4 Nb6 8. Ne5 e6 9. a5 Nbd5 10. f3 Bb4 11. Qb3 Bg6 12. Bd2 a6 13. Nxg6 hxg6 14. e4 Bxc3 15. bxc3 Nc7 16. Qxb7 Qd7 17. Bf4 Rc8 18. Bxc7 Rxc7 19. Qa8+ Rc8 20. Qxa6 0-0 21. Be2 c5 22. Qb5 Qe7 23. 0-0 Nh5 24. f4 Nf6 25. Bf3 Qc7 26. e5 Nd5 27. Bxd5 exd5 28. Qb6 cxd4 29. Qxc7 Rxc7 30. cxd4 Ra8 31. Rfb1 Ra6 32. Rb8+ Kh7 33. Rd8 Rc4 34. Rxd5 Kh6 35. Rd8 Kh5 36. h3 g5 37. f5 g4 38. Rd6 Ra7 39. hxg4+ Kxg4 40. e6 Kxf5 41. exf7 1-0

[Event "Eastern Asia-ch U20 Girls"]
[Site "Kota Kinabalu"]
[Date "2023.12.05"]
[Round "6"]
[White "Ha, Yihan"]
[Black "Villa, Ma Elayza"]
[Result "0-1"]
[WhiteElo "1676"]
[BlackElo "1694"]
[PlyCount "90"]
[EventDate "2023.12.02"]
[EventType "swiss"]
[EventRounds "9"]
[EventCountry "MAS"]
[SourceTitle "CB50_2023"]
[SourceDate "2023.12.13"]
[SourceVersion "1"]
[SourceVersionDate "2023.12.13"]
[SourceQuality "1"]

1. d4 d5 2. c4 e6 3. Nc3 Nf6 4. cxd5 exd5 5. Bg5 Be7 6. e3 0-0 7. Bd3 c6 8. Qc2 h6 9. Bh4 b6 10. Nf3 Bb7 11. 0-0 Nbd7 12. Rfd1 Nh5 13. Bxe7 Qxe7 14. Rac1 Nhf6 15. a4 Rfe8 16. a5 c5 17. dxc5 bxc5 18. Qe2 Ne5 19. Nxe5 Qxe5 20. Bb5 Rec8 21. Na4 c4 22. Nc3 Bc6 23. Bxc6 Rxc6 24. Qf3 Rd8 25. Rd4 Rc5 26. Ra1 a6 27. Qd1 Rb8 28. g3 Qc7 29. Nxd5 Nxd5 30. Rxd5 Rxd5 31. Qxd5 Rxb2 32. Rc1 c3 33. Qa8+ Kh7 34. Qxa6 Rd2 35. Qb5 c2 36. Qa4 Qc3 37. a6 Rxf2 38. Kxf2 Qd2+ 39. Kf3 Qxc1 40. a7 Qd1+ 41. Kf2 Qd2+ 42. Kf3 Qd5+ 43. Kf2 c1Q 44. a8Q Qcd2+ 45. Kf1 Q2g2+ 0-1

[Event "Belt and Road op-B 3rd"]
[Site "Qinhuangdao"]
[Date "2023.11.24"]
[Round "9"]
[White "Zhou, Yuxu"]
[Black "Ha, Yihan"]
[Result "1/2-1/2"]
[WhiteElo "1404"]
[BlackElo "1753"]
[PlyCount "86"]
[EventDate "2023.11.19"]
[EventType "swiss"]
[EventRounds "9"]
[EventCountry "CHN"]
[SourceTitle "CB49_2023"]
[SourceDate "2023.12.06"]
[SourceVersion "1"]
[SourceVersionDate "2023.12.06"]
[SourceQuality "1"]

1. e4 c6 2. d4 d5 3. e5 Bf5 4. h4 h5 5. Bd3 Bxd3 6. Qxd3 e6 7. Nf3 Qa5+ 8. Nbd2 Qa6 9. c4 Ne7 10. 0-0 Nf5 11. b3 Be7 12. g3 0-0 13. Qc2 Rd8 14. c5 Nd7 15. Re1 b6 16. b4 bxc5 17. bxc5 Rab8 18. Nb3 Nf8 19. Bg5 Ng6 20. Qd2 Qb7 21. Kg2 Qb4 22. Bxe7 Qxd2 23. Nbxd2 Ngxe7 24. Rab1 g6 25. Kf1 Kf8 26. Ke2 Ke8 27. Kd3 Nh6 28. Nh2 Nef5 29. Ndf1 Kd7 30. Ne3 Kc7 31. Nhf1 Rxb1 32. Rxb1 f6 33. exf6 Rf8 34. Nxf5 Nxf5 35. Ne3 Nh6 36. a4 Rxf6 37. Rb2 Nf7 38. f4 Nh6 39. a5 Rf8 40. a6 Rb8 41. Rxb8 Kxb8 42. Ke2 Kc7 43. Kf3 Nf5 1/2-1/2

[Event "Belt and Road op-B 3rd"]
[Site "Qinhuangdao"]
[Date "2023.11.21"]
[Round "5"]
[White "Ha, Yihan"]
[Black "He, Ping"]
[Result "0-1"]
[WhiteElo "1753"]
[BlackElo "1698"]
[PlyCount "98"]
[EventDate "2023.11.19"]
[EventType "swiss"]
[EventRounds "9"]
[EventCountry "CHN"]
[SourceTitle "CB49_2023"]
[SourceDate "2023.12.06"]
[SourceVersion "1"]
[SourceVersionDate "2023.12.06"]
[SourceQuality "1"]

1. d4 d5 2. c4 e6 3. Nc3 c6 4. Nf3 dxc4 5. e3 b5 6. a4 Bb4 7. Bd2 Nf6 8. axb5 Bxc3 9. Bxc3 cxb5 10. b3 Ne4 11. Ba5 Qd5 12. bxc4 bxc4 13. Ne5 Ba6 14. Bb4 f6 15. Ra5 Qb7 16. Qa4+ Kd8 17. Rxa6 Nxa6 18. Ba5+ Ke7 19. Qa3+ Ke8 20. Nxc4 Qb1+ 21. Ke2 Rb8 22. Kf3 Nb4 23. Qa4+ Kf7 24. Qd7+ Kg6 25. h4 Nd2+ 26. Nxd2 Qf5+ 27. Kg3 Qxa5 28. Qxe6 Rhe8 29. Qd7 h5 30. Bc4 Kh6 31. d5 Rbd8 32. Qf5 Qc7+ 33. f4 Rxe3+ 34. Kh2 Qd7 35. Qb1 a5 36. Nf3 Qg4 37. Rf1 Qxf4+ 38. Kg1 Qxc4 39. Ng5 Rd3 40. Nf7+ Kh7 41. Nxd8 Qxd5 42. Nb7 Qxb7 43. Rf5 Qb6+ 44. Kh1 Qd4 45. Rxa5 g6 46. Ra1 Qxh4+ 47. Kg1 Qd4+ 48. Kh2 Rd2 49. Qe1 Qe5+ 0-1

[Event "Tianjin Binhai Cup-B 3rd"]
[Site "Tianjin"]
[Date "2023.08.24"]
[Round "8"]
[White "Ha, Yihan"]
[Black "Wu, Yachen"]
[Result "1-0"]
[WhiteElo "1681"]
[BlackElo "1489"]
[PlyCount "79"]
[EventDate "2023.08.20"]
[EventType "swiss"]
[EventRounds "9"]
[EventCountry "CHN"]
[SourceTitle "EXT 2024"]
[Source "ChessBase"]
[SourceDate "2023.10.10"]
[SourceVersion "1"]
[SourceVersionDate "2023.10.10"]
[SourceQuality "1"]

1. d4 Nf6 2. c4 c6 3. Nc3 d5 4. Nf3 e6 5. Bg5 dxc4 6. e4 b5 7. e5 h6 8. Bh4 g5 9. Nxg5 hxg5 10. Bxg5 Nbd7 11. exf6 Bb7 12. g3 Qa5 13. Bg2 0-0-0 14. 0-0 b4 15. Ne4 c5 16. Qc2 Nb6 17. dxc5 Bxc5 18. Rac1 Bd4 19. Bf4 Qh5 20. h4 e5 21. Bd2 a5 22. a3 b3 23. Qxb3 Qg4 24. Bxa5 Kb8 25. Rxc4 Nxc4 26. Bxd8 Rxd8 27. Nc5 Na5 28. Qb6 Rc8 29. Na6+ Ka8 30. Qxa5 Bxg2 31. Kxg2 Qe4+ 32. Kh2 Qf3 33. Nc5+ Kb8 34. Qb6+ Ka8 35. Qa6+ Kb8 36. Nd7+ Kc7 37. Rc1+ Kxd7 38. Qxc8+ Kd6 39. Qc7+ Ke6 40. Qc6+ 1-0

[Event "Tianjin Binhai Cup-B 3rd"]
[Site "Tianjin"]
[Date "2023.08.21"]
[Round "3"]
[White "Wu, Jinxuan"]
[Black "Ha, Yihan"]
[Result "0-1"]
[WhiteElo "1257"]
[BlackElo "1681"]
[PlyCount "70"]
[EventDate "2023.08.20"]
[EventType "swiss"]
[EventRounds "9"]
[EventCountry "CHN"]
[SourceTitle "EXT 2024"]
[Source "ChessBase"]
[SourceDate "2023.10.10"]
[SourceVersion "1"]
[SourceVersionDate "2023.10.10"]
[SourceQuality "1"]

1. d4 Nf6 2. c4 e6 3. Nc3 d5 4. Nf3 Be7 5. Bf4 0-0 6. e3 Nbd7 7. Qb3 c6 8. a4 b6 9. Be2 Bb7 10. a5 dxc4 11. Bxc4 c5 12. axb6 axb6 13. Ke2 cxd4 14. exd4 Nh5 15. Be3 Bxf3+ 16. gxf3 Qc7 17. Ne4 Kh8 18. Rac1 Qb7 19. Qb5 Ra5 20. Qb3 f5 21. Ng3 f4 22. Bd2 fxg3 23. Bxa5 Nf4+ 24. Kd2 g2 25. Rhg1 Nh3 26. Rxg2 Bg5+ 27. Rxg5 Nxg5 28. d5 Nxf3+ 29. Kd1 Nd4 30. Qe3 exd5 31. Qxd4 dxc4 32. Bc3 Qf3+ 33. Kd2 Nf6 34. Qxb6 Qd3+ 35. Ke1 Re8+ 0-1

[Event "CHN-ch sf (Women)"]
[Site "Hefei"]
[Date "2023.04.23"]
[Round "2"]
[White "Ha, Yihan"]
[Black "Wu, Yiting"]
[Result "1-0"]
[WhiteElo "1721"]
[BlackElo "1434"]
[PlyCount "183"]
[EventDate "2023.04.23"]
[EventType "swiss"]
[EventRounds "11"]
[EventCountry "CHN"]
[SourceTitle "CBM 214 Extra"]
[Source "ChessBase"]
[SourceDate "2023.07.31"]
[SourceVersion "1"]
[SourceVersionDate "2023.07.31"]
[SourceQuality "1"]

1. d4 f5 2. c4 Nf6 3. Nf3 e6 4. g3 d5 5. Bg2 c6 6. 0-0 Bd6 7. Bf4 0-0 8. e3 Ne4 9. Nc3 Qe7 10. Rc1 Nd7 11. cxd5 exd5 12. Qb3 Ndf6 13. Rfe1 Be6 14. Bxd6 Nxd6 15. Ne5 Nd7 16. Nd3 Rab8 17. Na4 Bf7 18. Nac5 Nxc5 19. Nxc5 Ne4 20. Nd3 Nf6 21. Qa4 a6 22. b4 Nd7 23. Qc2 Nb6 24. Ne5 Be6 25. Qc5 Qd8 26. Bf1 Nd7 27. Nxd7 Qxd7 28. a4 Rfc8 29. Rb1 Kf7 30. Rec1 Qe7 31. Qc2 Bd7 32. Qb3 Qe6 33. Rc3 Ke8 34. Rbc1 Kd8 35. b5 axb5 36. axb5 cxb5 37. Bxb5 Bxb5 38. Qxb5 Rxc3 39. Rxc3 Rc8 40. Qa5+ Kd7 41. Qb5+ Kd8 42. Rxc8+ Kxc8 43. Qc5+ Kd7 44. Qf8 g6 45. Qg7+ Qe7 46. Qg8 Kc6 47. Qc8+ Qc7 48. Qe6+ Qd6 49. Qf7 Qd7 50. Qf6+ Qd6 51. Qh8 Qd7 52. Qa8 Qf7 53. Qa4+ Kc7 54. Qa5+ Kc8 55. Kf1 Qd7 56. Ke2 Qc6 57. Kd2 Kd7 58. h4 Ke7 59. Qb4+ Kf7 60. Qa5 Ke7 61. Qa8 Qd7 62. Qb8 Kf7 63. Qh8 Ke6 64. Qg8+ Kf6 65. Qf8+ Ke6 66. h5 b6 67. Qg8+ Qf7 68. Qb8 Qd7 69. Qxb6+ Kf7 70. h6 Ke7 71. Qb8 Kf7 72. Qh8 Ke6 73. Qg8+ Kf6 74. Qf8+ Ke6 75. Ke2 Qb5+ 76. Kf3 Qd7 77. Kf4 Qc7+ 78. Kg5 Qe7+ 79. Qxe7+ Kxe7 80. f3 Ke6 81. g4 fxg4 82. Kxg4 Kf6 83. e4 dxe4 84. fxe4 Ke6 85. Kg5 Ke7 86. d5 Kf7 87. e5 Ke7 88. e6 Kd8 89. d6 Ke8 90. Kf6 Kd8 91. e7+ Kd7 92. Kf7 1-0

[Event "China zt 3.5 (Women)"]
[Site "Shenzhen"]
[Date "2023.04.13"]
[Round "9"]
[White "Ha, Yihan"]
[Black "Ren, Xiaoyi"]
[Result "0-1"]
[WhiteElo "1721"]
[BlackElo "2156"]
[PlyCount "58"]
[EventDate "2023.04.05"]
[EventType "swiss"]
[EventRounds "9"]
[EventCountry "CHN"]
[SourceTitle "CBM 213 Extra"]
[Source "ChessBase"]
[SourceDate "2023.05.31"]
[SourceVersion "1"]
[SourceVersionDate "2023.05.31"]
[SourceQuality "1"]

1. d4 d5 2. c4 e6 3. Nc3 Nf6 4. cxd5 exd5 5. Bg5 c6 6. e3 Bd6 7. Bd3 Nbd7 8. Qc2 Nf8 9. e4 dxe4 10. Nxe4 Bb4+ 11. Kf1 Be7 12. Bxf6 Bxf6 13. d5 cxd5 14. Bb5+ Nd7 15. Nxf6+ Qxf6 16. Re1+ Kd8 17. Rd1 Nb6 18. a4 Be6 19. a5 Rc8 20. Qb3 Nd7 21. Bxd7 Bxd7 22. Ne2 Re8 23. Qxd5 Rc7 24. Nc3 Kc8 25. Ne4 Qa6+ 26. Kg1 Kb8 27. Nd6 Bc6 28. Qf5 Qe2 29. Qb1 Rd7 0-1

[Event "China zt 3.5 (Women)"]
[Site "Shenzhen"]
[Date "2023.04.08"]
[Round "4"]
[White "Ha, Yihan"]
[Black "Lu, Miaoyi"]
[Result "1-0"]
[WhiteElo "1721"]
[BlackElo "2305"]
[PlyCount "125"]
[EventDate "2023.04.05"]
[EventType "swiss"]
[EventRounds "9"]
[EventCountry "CHN"]
[SourceTitle "CBM 213 Extra"]
[Source "ChessBase"]
[SourceDate "2023.05.31"]
[SourceVersion "1"]
[SourceVersionDate "2023.05.31"]
[SourceQuality "1"]

1. d4 Nf6 2. c4 e6 3. Nc3 Bb4 4. Qc2 d5 5. a3 Bxc3+ 6. Qxc3 0-0 7. Nf3 b6 8. Bg5 dxc4 9. Qxc4 Ba6 10. Qa4 h6 11. Bxf6 Qxf6 12. e3 Bxf1 13. Kxf1 c5 14. Ke2 Rd8 15. Rhd1 Nd7 16. Kf1 cxd4 17. Rxd4 Nc5 18. Qc2 e5 19. Rxd8+ Rxd8 20. Rd1 Rxd1+ 21. Qxd1 e4 22. Nd4 Nd3 23. Qc2 g6 24. Kg1 h5 25. b4 b5 26. f3 Qg5 27. f4 Qf6 28. Qc6 Qh4 29. Qc8+ Kg7 30. g3 Qf6 31. Qb7 a6 32. Qxe4 Nb2 33. Kg2 Qd6 34. f5 Nc4 35. Qd3 Qe5 36. Kf2 Nd6 37. fxg6 fxg6 38. Nc2 Ne4+ 39. Kg2 Qf5 40. Qe2 Qd5 41. Kg1 Ng5 42. h4 Nf3+ 43. Kf2 Ne5 44. e4 Nd3+ 45. Ke3 Qd6 46. Qxd3 Qxg3+ 47. Kd2 Qxh4 48. Qd4+ Kf7 49. e5 Qg5+ 50. Ne3 h4 51. Qd7+ Kf8 52. e6 Qf6 53. Kd3 h3 54. e7+ Qxe7 55. Qxh3 Qd6+ 56. Ke2 a5 57. Qc8+ Kf7 58. Qb7+ Ke6 59. Qxb5 Qh2+ 60. Kd3 Qd6+ 61. Ke4 axb4 62. axb4 Qh2 63. Qd5+ 1-0

[Event "CHN-chT Div-B"]
[Site "Hainan"]
[Date "2023.02.07"]
[Round "3"]
[White "Ha, Yihan"]
[Black "Wang, Shunshun"]
[Result "1/2-1/2"]
[WhiteElo "1709"]
[BlackElo "1432"]
[PlyCount "92"]
[EventDate "2023.02.06"]
[EventType "team-tourn"]
[EventRounds "9"]
[EventCountry "CHN"]
[SourceTitle "CBM 213 Extra"]
[Source "ChessBase"]
[SourceDate "2023.05.31"]
[SourceVersion "1"]
[SourceVersionDate "2023.05.31"]
[SourceQuality "1"]
[WhiteTeam "Hangzhou Chess Assoc"]
[BlackTeam "Qingdao Chess Association"]
[WhiteTeamCountry "CHN"]
[BlackTeamCountry "CHN"]

1. Nf3 e6 2. g3 b6 3. Bg2 Bb7 4. d4 Nf6 5. c4 Bb4+ 6. Bd2 Bxd2+ 7. Qxd2 d6 8. Nc3 c5 9. d5 exd5 10. Nh4 Nc6 11. Nxd5 0-0 12. Nf5 g6 13. Nfe7+ Kh8 14. Nxc6 Bxc6 15. Qc3 Bxd5 16. Bxd5 Rc8 17. 0-0 Qe7 18. f4 Kg8 19. Bf3 Rcd8 20. Rad1 Qe6 21. Qd3 Rfe8 22. Kg2 Re7 23. b3 Ne4 24. Qd5 Nc3 25. Qxe6 Rxe6 26. Rd2 b5 27. Rc1 b4 28. a3 a5 29. axb4 axb4 30. Ra1 Rde8 31. Kf2 Ne4+ 32. Bxe4 Rxe4 33. Ra6 Re3 34. Rb2 R3e6 35. Ra7 h5 36. Rd7 Kg7 37. e4 Rxe4 38. Rxd6 Ra8 39. Rd5 Ra5 40. Kf3 Re7 41. Re5 Rd7 42. Ke4 Rd4+ 43. Ke3 Rd1 44. Ke2 Rd7 45. Ke3 Rd1 46. Kf2 Rd7 1/2-1/2

[Event "Tianjin Binhai Cup 2nd"]
[Site "Tianjin"]
[Date "2020.01.17"]
[Round "7"]
[White "Amilal, Munkhdalai"]
[Black "Ha, Yihan"]
[Result "1-0"]
[WhiteElo "2070"]
[BlackElo "1657"]
[PlyCount "95"]
[EventDate "2020.01.13"]
[EventType "swiss"]
[EventRounds "9"]
[EventCountry "CHN"]
[SourceTitle "CBM 194 Extra"]
[Source "ChessBase"]
[SourceDate "2020.03.31"]
[SourceVersion "1"]
[SourceVersionDate "2020.03.31"]
[SourceQuality "1"]

1. e4 c6 2. Nf3 d5 3. Nc3 Bg4 4. h3 Bxf3 5. Qxf3 Nf6 6. d3 e6 7. a3 Nbd7 8. g3 d4 9. Nb1 Bd6 10. Bg2 Rc8 11. Nd2 b5 12. Qe2 Bb8 13. f4 Nb6 14. b3 c5 15. 0-0 0-0 16. a4 bxa4 17. bxa4 a5 18. Nb3 Nbd7 19. Bd2 Bc7 20. Kh2 Bb6 21. c4 Rb8 22. e5 Ne8 23. Qe1 Qc8 24. Nxa5 Bxa5 25. Bxa5 Qa6 26. Bd2 f6 27. a5 Rb2 28. Qc1 Rb8 29. Qa3 fxe5 30. fxe5 Nc7 31. Rxf8+ Rxf8 32. Bf4 Qa7 33. Rb1 Rb8 34. Rxb8+ Nxb8 35. Bg5 Nd7 36. Be7 Na6 37. Qa4 Kf7 38. Bd6 Nb4 39. Be4 g6 40. h4 Ke8 41. h5 gxh5 42. Qd1 Qxa5 43. Qxh5+ Kd8 44. Qg5+ Kc8 45. Qg8+ Nf8 46. Qxf8+ Kd7 47. Qe7+ Kc8 48. Bb7# 1-0

[Event "China zt 3.5 (Women)"]
[Site "Zibo"]
[Date "2019.09.10"]
[Round "9"]
[White "Ning, Kaiyu"]
[Black "Ha, Yihan"]
[Result "1-0"]
[WhiteElo "2354"]
[BlackElo "1580"]
[PlyCount "117"]
[EventDate "2019.09.05"]
[EventType "swiss"]
[EventRounds "11"]
[EventCountry "CHN"]
[SourceTitle "EXT 2020"]
[Source "ChessBase"]
[SourceDate "2019.10.17"]
[SourceVersion "1"]
[SourceVersionDate "2019.10.17"]
[SourceQuality "1"]

1. d4 d5 2. c4 e6 3. Nf3 Nf6 4. g3 Bb4+ 5. Bd2 Be7 6. Bg2 0-0 7. 0-0 c6 8. Qc2 Nbd7 9. Rd1 b6 10. Bf4 Bb7 11. Ne5 Nh5 12. Bd2 Nhf6 13. cxd5 cxd5 14. Nc6 Bxc6 15. Qxc6 Qc8 16. Qb5 Qb7 17. Qd3 Rac8 18. Nc3 Qb8 19. e3 Rfd8 20. Be1 Ne8 21. f3 Ndf6 22. Kh1 Nd6 23. b3 h6 24. e4 dxe4 25. fxe4 Nd7 26. e5 Nf5 27. Qf3 Nf8 28. Bf2 Nh7 29. h4 Bb4 30. Ne4 Ba3 31. g4 Ne7 32. b4 Bxb4 33. a3 Nd5 34. axb4 Nxb4 35. Nd6 Rc7 36. Rac1 a5 37. Qb3 Nf8 38. Be1 Na6 39. Qb5 Ra7 40. Rc6 Nd7 41. Rdc1 Nc7 42. Qc4 b5 43. Qf1 Rf8 44. Bxa5 Rxa5 45. Rxc7 Qd8 46. g5 Ra3 47. Qxb5 Ra1 48. Rxa1 Qxc7 49. Qc6 Qd8 50. Ra7 Nb6 51. Qc7 Qxc7 52. Rxc7 hxg5 53. hxg5 g6 54. Rb7 Nc8 55. Ne4 Rd8 56. Nf6+ Kg7 57. d5 exd5 58. Bxd5 Rf8 59. e6 1-0